000 00582 a2200241 4500
001 115829
020 _a1415552320 (BWI bdg.)
020 _a1570642613 (pbk.)
041 _apor
090 _aJK [E]
092 _a97074901
100 _aBernthal, Mark.
250 _a. ed.
300 _a1 v. (unpaged)
490 _aGo to ... series
697 _aDinosaurs - Fiction.
697 _aFarm life - Fiction.
830 _aGo to ... series
040 _aBR-BrIDEA
_cBR-BrIDEA
245 1 0 _aGoes to the farm
_c Mark Bernthal
260 _bLyrick Pub. :
_c1998
942 _cBK
999 _c115829
_d115829